<?xml version="1.0" encoding="UTF-8"?>
<record
    xmlns:xsi="http://www.w3.org/2001/XMLSchema-instance"
    xsi:schemaLocation="http://www.loc.gov/MARC21/slim http://www.loc.gov/standards/marcxml/schema/MARC21slim.xsd"
    xmlns="http://www.loc.gov/MARC21/slim">

  <leader>00491nam a22001577a 4500</leader>
  <controlfield tag="003">OSt</controlfield>
  <controlfield tag="005">20150915091429.0</controlfield>
  <controlfield tag="008">150915b        xxu||||| |||| 00| 0 eng d</controlfield>
  <datafield tag="040" ind1=" " ind2=" ">
    <subfield code="c">RUA</subfield>
  </datafield>
  <datafield tag="082" ind1=" " ind2=" ">
    <subfield code="a">AGR DOR 1999 B024 Or.1</subfield>
  </datafield>
  <datafield tag="100" ind1=" " ind2=" ">
    <subfield code="9">478</subfield>
    <subfield code="a">DORN, DARA. </subfield>
  </datafield>
  <datafield tag="245" ind1=" " ind2=" ">
    <subfield code="a">Contribution study on desert rose &#x179C;&#x17B7;&#x1797;&#x17B6;&#x1782;&#x1791;&#x17B6;&#x1793;&#x1780;&#x17B6;&#x179A;&#x179F;&#x17B7;&#x1780;&#x17D2;&#x179F;&#x17B6;&#x17A2;&#x17C6;&#x1796;&#x17B8; &#x1795;&#x17D2;&#x1780;&#x17B6;&#x1785;&#x17C6;&#x1794;&#x17C9;&#x17B8;&#x179F;&#x17C0;&#x1798;</subfield>
  </datafield>
  <datafield tag="260" ind1=" " ind2=" ">
    <subfield code="a">Phnom Penh </subfield>
    <subfield code="b">RUA</subfield>
    <subfield code="c">1999</subfield>
  </datafield>
  <datafield tag="300" ind1=" " ind2=" ">
    <subfield code="a">35p.</subfield>
    <subfield code="b">ill.</subfield>
    <subfield code="c">29cm.</subfield>
  </datafield>
  <datafield tag="942" ind1=" " ind2=" ">
    <subfield code="2">ddc</subfield>
    <subfield code="c">AGR</subfield>
  </datafield>
  <datafield tag="999" ind1=" " ind2=" ">
    <subfield code="c">458</subfield>
    <subfield code="d">458</subfield>
  </datafield>
  <datafield tag="952" ind1=" " ind2=" ">
    <subfield code="0">0</subfield>
    <subfield code="1">0</subfield>
    <subfield code="2">ddc</subfield>
    <subfield code="4">0</subfield>
    <subfield code="6">AGR_DOR_1999_000000000000000_B024_OR_1</subfield>
    <subfield code="7">0</subfield>
    <subfield code="9">2161</subfield>
    <subfield code="a">LBB</subfield>
    <subfield code="b">LBB</subfield>
    <subfield code="c">B024</subfield>
    <subfield code="d">2015-09-15</subfield>
    <subfield code="l">2</subfield>
    <subfield code="o">AGR DOR 1999 B024 Or.1</subfield>
    <subfield code="p">RUA004155</subfield>
    <subfield code="r">2025-02-17</subfield>
    <subfield code="s">2025-01-20</subfield>
    <subfield code="w">2015-09-15</subfield>
    <subfield code="y">AGR</subfield>
  </datafield>
  <datafield tag="952" ind1=" " ind2=" ">
    <subfield code="0">0</subfield>
    <subfield code="1">0</subfield>
    <subfield code="2">ddc</subfield>
    <subfield code="4">0</subfield>
    <subfield code="6">AGR_DOR_1999_000000000000000_B024_OR_2</subfield>
    <subfield code="7">0</subfield>
    <subfield code="9">2162</subfield>
    <subfield code="a">LBB</subfield>
    <subfield code="b">LBB</subfield>
    <subfield code="c">B024</subfield>
    <subfield code="d">2015-09-15</subfield>
    <subfield code="l">1</subfield>
    <subfield code="o">AGR DOR 1999 B024 Or.2</subfield>
    <subfield code="p">RUA004290</subfield>
    <subfield code="r">2023-09-22</subfield>
    <subfield code="s">2023-09-05</subfield>
    <subfield code="w">2015-09-15</subfield>
    <subfield code="y">AGR</subfield>
  </datafield>
  <datafield tag="952" ind1=" " ind2=" ">
    <subfield code="0">0</subfield>
    <subfield code="1">0</subfield>
    <subfield code="2">ddc</subfield>
    <subfield code="4">0</subfield>
    <subfield code="6">AGR_DOR_1999_000000000000000_B024_OR_3</subfield>
    <subfield code="7">0</subfield>
    <subfield code="9">2348</subfield>
    <subfield code="a">LBB</subfield>
    <subfield code="b">LBB</subfield>
    <subfield code="c">B024</subfield>
    <subfield code="d">2015-09-15</subfield>
    <subfield code="l">2</subfield>
    <subfield code="o">AGR DOR 1999 B024 Or.3</subfield>
    <subfield code="p">RUA004156</subfield>
    <subfield code="r">2019-07-23</subfield>
    <subfield code="s">2019-07-02</subfield>
    <subfield code="w">2015-09-15</subfield>
    <subfield code="y">AGR</subfield>
  </datafield>
  <datafield tag="952" ind1=" " ind2=" ">
    <subfield code="0">0</subfield>
    <subfield code="1">0</subfield>
    <subfield code="2">ddc</subfield>
    <subfield code="4">0</subfield>
    <subfield code="6">AGR_DOR_1999_000000000000000_B024_OR_4</subfield>
    <subfield code="7">0</subfield>
    <subfield code="9">2349</subfield>
    <subfield code="a">LBB</subfield>
    <subfield code="b">LBB</subfield>
    <subfield code="d">2015-09-15</subfield>
    <subfield code="o">AGR DOR 1999 B024 Or.4</subfield>
    <subfield code="p">RUA004289</subfield>
    <subfield code="r">2015-09-15</subfield>
    <subfield code="w">2015-09-15</subfield>
    <subfield code="y">AGR</subfield>
  </datafield>
  <datafield tag="952" ind1=" " ind2=" ">
    <subfield code="0">0</subfield>
    <subfield code="1">0</subfield>
    <subfield code="2">ddc</subfield>
    <subfield code="4">0</subfield>
    <subfield code="6">AGR_DOR_1999_000000000000000_B024_OR_5</subfield>
    <subfield code="7">0</subfield>
    <subfield code="9">58454</subfield>
    <subfield code="a">LBB</subfield>
    <subfield code="b">LBB</subfield>
    <subfield code="d">2017-01-16</subfield>
    <subfield code="o">AGR DOR 1999 B024 Or.5</subfield>
    <subfield code="p">A05900</subfield>
    <subfield code="r">2017-01-16</subfield>
    <subfield code="w">2017-01-16</subfield>
    <subfield code="y">AGR</subfield>
  </datafield>
</record>
